Association of some insect species on coffee and symptoms expression with observations on the effect of pesticides on plant and animal populations (Record no. 46241)

MARC details
000 -LEADER
fixed length control field 00494nam a2200157Ia 4500
100 ## - MAIN ENTRY--AUTHOR NAME
Personal name Sekhar P.S.
245 #0 - TITLE STATEMENT
Title Association of some insect species on coffee and symptoms expression with observations on the effect of pesticides on plant and animal populations
260 ## - PUBLICATION, DISTRIBUTION, ETC. (IMPRINT)
Name of publisher Indian Coffee
Year of publication 1961
300 ## - PHYSICAL DESCRIPTION
Number of Pages 13-Jan
650 ## - SUBJECT ADDED ENTRY--TOPICAL TERM
Topical Term Animal population
650 ## - SUBJECT ADDED ENTRY--TOPICAL TERM
Topical Term Effect
650 ## - SUBJECT ADDED ENTRY--TOPICAL TERM
Topical Term Pesticides
650 ## - SUBJECT ADDED ENTRY--TOPICAL TERM
Topical Term Plant population
942 ## - ADDED ENTRY ELEMENTS (KOHA)
Koha item type Reprints
Holdings
Withdrawn status Lost status Damaged status Not for loan Home library Current library Date acquired Serial Enumeration / chronology Koha item type
      Reprints RRII Library RRII Library 22/12/2021 Volume XXV-P, Issue 369 Reprints